| 000 | 00648nam a2200241Ia 4500 | ||
|---|---|---|---|
| 003 | OSt | ||
| 005 | 20221005120321.0 | ||
| 006 | a|||||r|||| 00| 0 | ||
| 007 | ta | ||
| 008 | 221004b |||||||| |||| 00| 0 ben d | ||
| 020 | _c50 | ||
| 024 | _a698 | ||
| 037 |
_b23, 20/03/2009, Mukta Dhara _cTextual |
||
| 040 |
_aCRL _cCRL _bben |
||
| 041 |
_2ben _aben |
||
| 082 | _aO157,1M04x, N8 | ||
| 100 |
_aRoy Annadashankar _9213289 |
||
| 245 | 0 | _aDol dol dulini | |
| 260 | _c1998 | ||
| 650 | _aBENGALI LITERATURE | ||
| 942 |
_hO157,1M04x, N8 _cTEXL _2cc |
||
| 999 |
_c1037624 _d1037624 |
||